[Event "AUTO-INT-3918"]
[Site "http://www.queenalice.com/game.php?id=1852641"]
[Date "2025.2.22"]
[Round "1"]
[White "Ruusgugg"]
[Black "Danado"]
[Result "0-1"]
[WhiteElo "1322"]
[BlackElo "1679"]

1. g4 e5 2. b4 d5 3. Ba3 h6 4. e3 Nf6 5. d4 Nxg4 6. Nc3 a5 7. Qb1 exd4 8. exd4
axb4 9. Bxb4 Bxb4 10. Qxb4 c6 11. f3 Qh4+ 12. Kd1 Nf2+ 13. Kc1 Qg5+ 14. Kb2 Nxh1
15. Re1+ Kd7 16. Bh3+ f5 17. Re5 Qf6 18. Bxf5+ Kc7 19. Re7+ Nd7 20. Bg4 Nf2 21.
Be6 Nd3+ 22. cxd3 Kd8 23. Rxd7+ Bxd7 24. Bxd7 Kxd7 25. Qxb7+ Kd6 26. Qb4+ Ke6
27. Qc5 Kf7 28. a4 Rhb8+ 29. Kc1 Qg5+ 30. Kc2 Qxg1 31. Qxc6 Qg2+ 32. Kc1 Qb2+
33. Kd1 Qa1+ 34. Ke2 Re8+ 35. Kf2 Qe1+ 36. Kg2 Qd2+ 37. Kg3 Qg5+ 38. Kf2 Qh4+
39. Kg2 Qg5+ 40. Kf2 Rac8 41. Qb7+ Kg6 42. Nxd5 Rc2+ 43. Kf1 Qc1# 0-1

[Event "AUTO-INT-3918"]
[Site "http://www.queenalice.com/game.php?id=1852660"]
[Date "2025.2.22"]
[Round "1"]
[White "Ruusgugg"]
[Black "SGF"]
[Result "0-1"]
[WhiteElo "1253"]
[BlackElo "1705"]

1. g4 e5 2. h4 g5 3. hxg5 Qxg5 4. Bh3 b5 5. Nf3 Qf6 6. g5 Qd6 7. b3 Bb7 8. Bb2
Bg7 9. a4 b4 10. d4 exd4 11. e3 dxe3 12. Qe2 Bxb2 13. Ra2 Bc3+ 14. Nxc3 Bxf3 15.
Qf1 Qd2# 0-1

[Event "AUTO-INT-3918"]
[Site "http://www.queenalice.com/game.php?id=1852661"]
[Date "2025.2.22"]
[Round "1"]
[White "SGF"]
[Black "Ruusgugg"]
[Result "1-0"]
[WhiteElo "1730"]
[BlackElo "1306"]

1. e4 c5 2. Qf3 Nc6 3. c3 Ne5 4. Qg3 c4 5. Qxe5 a6 6. Bxc4 f6 7. Qd5 e6 8. Qh5+
g6 9. Qf3 b5 10. e5 Ra7 11. Bd3 Bb7 12. Be4 d5 13. Bd3 d4 14. Be4 Qd7 15. exf6
Nh6 16. Bxb7 Rxb7 17. cxd4 Qxd4 18. Qxb7 Qxf6 19. Nc3 Qe5+ 20. Nge2 Qg5 21. O-O
Qh5 22. a3 Ng4 23. h3 Nf6 24. Nf4 Qf5 25. g3 g5 26. Qc6+ Kf7 27. Re1 gxf4 28. g4
Qg5 29. Qxe6+ Kg7 30. Ne4 Nxe4 31. Rxe4 h5 32. b4 Rh6 33. Bb2+ Kh7 34. Qd7+ Kg8
35. f3 Rd6 36. Qf5 Qh4 37. Qxf4 Rxd2 38. Qxd2 Qg3+ 39. Qg2 Qd6 40. gxh5+ Kh7 41.
Rd4 Qe7 42. Qg6+ Kh8 43. Rd7+ 1-0

[Event "AUTO-INT-3919"]
[Site "http://www.queenalice.com/game.php?id=1853112"]
[Date "2025.3.2"]
[Round "1"]
[White "SGF"]
[Black "Ruusgugg"]
[Result "1-0"]
[WhiteElo "1697"]
[BlackElo "1296"]

1. e4 g5 2. Qf3 d6 3. Bc4 f6 4. Qh5+ Kd7 5. Nc3 c5 6. Qg4+ Kc7 7. Nd5+ Kc6 8.
Qe2 a6 9. a4 e6 10. Bb5+ axb5 11. Qxb5# 1-0

[Event "AUTO-INT-3919"]
[Site "http://www.queenalice.com/game.php?id=1853113"]
[Date "2025.3.2"]
[Round "1"]
[White "Ruusgugg"]
[Black "SGF"]
[Result "0-1"]
[WhiteElo "1308"]
[BlackElo "1728"]

1. f4 f5 2. d4 e6 3. Nf3 Bb4+ 4. c3 Ba5 5. b4 Bb6 6. Nbd2 a5 7. e4 axb4 8. cxb4
Nc6 9. exf5 Nxd4 10. Nxd4 Bxd4 11. Nb3 Bxa1 12. Nxa1 Rxa2 13. Be3 exf5 14. Bd4
Qe7+ 15. Be2 Qxb4+ 16. Kf1 Nf6 17. Nc2 Qd6 18. Qb1 Ra4 19. Be5 Qc5 20. h4 Ne4
21. Qd1 Qf2# 0-1

[Event "AUTO-INT-3919"]
[Site "http://www.queenalice.com/game.php?id=1853131"]
[Date "2025.3.2"]
[Round "1"]
[White "eloy"]
[Black "Ruusgugg"]
[Result "1-0"]
[WhiteElo "1647"]
[BlackElo "1302"]

1. e4 g5 2. Nf3 f6 3. Bc4 g4 4. Nh4 d6 5. d4 e5 6. O-O exd4 7. Qxd4 c5 8. Qe3
Bh6 9. Qd3 Bg7 10. Nf5 Bf8 11. Nc3 Nc6 12. Bf4 Ne5 13. Bxe5 fxe5 14. Bb5+ Kf7
15. Bc4+ Ke8 16. Qd5 h5 17. Qf7# 1-0

[Event "AUTO-INT-3919"]
[Site "http://www.queenalice.com/game.php?id=1853132"]
[Date "2025.3.2"]
[Round "1"]
[White "Ruusgugg"]
[Black "game"]
[Result "0-1"]
[WhiteElo "1304"]
[BlackElo "1524"]

1. f4 Nc6 2. d4 d5 3. g3 Bf5 4. e3 Nf6 5. h3 Be4 6. Nf3 e6 7. g4 Nb4 8. a3 Nxc2+
9. Kf2 Nxa1 10. g5 Bc2 11. Qe2 Bxb1 12. gxf6 Qxf6 13. Qb5+ c6 14. Qxb7 Rd8 15.
Qxc6+ Rd7 16. Ne5 Qh4+ 17. Ke2 Qh5+ 18. Kd2 Nb3+ 19. Ke1 Na5 20. Qc8+ Rd8 21.
Bb5+ Nc6 22. Nxc6 Rxc8 0-1

[Event "AUTO-INT-3919"]
[Site "http://www.queenalice.com/game.php?id=1853133"]
[Date "2025.3.2"]
[Round "1"]
[White "game"]
[Black "Ruusgugg"]
[Result "0-1"]
[WhiteElo "1523"]
[BlackElo "1297"]

1. e4 c5 2. Nf3 e6 3. Bc4 d5 4. exd5 exd5 5. Qe2+ Ne7 6. Bb3 f5 7. O-O c4 8.
Ba4+ Nc6 9. Re1 Bd7 10. Ng5 h6 11. Nf3 g5 12. Ne5 Rh7 13. d4 Qa5 14. Nc3 Nxd4
15. Qh5+ Kd8 16. Nxd7 Bg7 17. Qf7 b5 18. Qxe7+ Kc7 19. Nf6+ Kb6 20. Nxh7 bxa4
21. Re6+ Nxe6 22. Qxe6+ Kc7 23. Qe7+ Kb8 24. Qxg7 d4 25. Ne2 Qe1# 0-1

[Event "AUTO-OPEN-4579"]
[Site "http://www.queenalice.com/game.php?id=1853220"]
[Date "2025.3.3"]
[Round "1"]
[White "Ruusgugg"]
[Black "Scharlatan"]
[Result "0-1"]
[WhiteElo "1354"]
[BlackElo "2069"]

1. f4 Nh6 2. e3 g6 3. g4 Bg7 4. g5 Nf5 5. e4 Nd4 6. Bc4 e5 7. f5 Qxg5 8. Nf3
Nxf3+ 9. Qxf3 Qh4+ 10. Kd1 Nc6 11. fxg6 f6 12. c3 hxg6 13. b4 d5 14. Bxd5 Bg4
15. Qxg4 Qxg4+ 16. Kc2 Kd7 17. b5 Ne7 18. Bxb7 Rab8 19. Ba6 Qxe4+ 20. Kb2 Qxh1
21. c4 e4 0-1

[Event "AUTO-OPEN-4579"]
[Site "http://www.queenalice.com/game.php?id=1853221"]
[Date "2025.3.3"]
[Round "1"]
[White "Scharlatan"]
[Black "Ruusgugg"]
[Result "1-0"]
[WhiteElo "2064"]
[BlackElo "1370"]

1. d4 b5 2. e4 a6 3. Bd3 Nc6 4. Nf3 Nb4 5. O-O Nxd3 6. Qxd3 d5 7. exd5 Bb7 8. c4
c6 9. dxc6 Bxc6 10. Ne5 Bb7 11. Qf5 Nf6 12. b3 g6 13. Qc2 Qxd4 14. Bb2 Qf4 15.
Nd2 O-O-O 16. Rad1 Qg5 17. Ndf3 Qh6 18. Rxd8+ Kxd8 19. Nxf7+ 1-0

[Event "AUTO-INT-3921"]
[Site "http://www.queenalice.com/game.php?id=1853485"]
[Date "2025.3.7"]
[Round "1"]
[White "Ruusgugg"]
[Black "johnew"]
[Result "0-1"]
[WhiteElo "1375"]
[BlackElo "1662"]

1. g4 d5 2. f4 Bxg4 3. Bg2 e6 4. h3 Qh4+ 5. Kf1 Bh5 6. Nf3 Qxf4 7. d4 Qg3 8. Ng5
Be7 9. Nf3 Bxf3 10. exf3 Bh4 11. Be3 Nh6 12. Rg1 Nf5 13. Ke2 Nxe3 14. Kxe3 Nc6
15. c3 O-O-O 16. Nd2 e5 17. Qe2 exd4+ 18. cxd4 Rhe8+ 19. Ne4 dxe4 20. Rad1 Bg5#
0-1

[Event "AUTO-INT-3921"]
[Site "http://www.queenalice.com/game.php?id=1853486"]
[Date "2025.3.7"]
[Round "1"]
[White "johnew"]
[Black "Ruusgugg"]
[Result "1-0"]
[WhiteElo "1697"]
[BlackElo "1368"]

1. e4 e5 2. Nf3 g5 3. Nxe5 Qf6 4. d4 d6 5. Nc4 Be6 6. d5 Bd7 7. Nc3 h5 8. Be3 b5
9. Bd4 Qd8 10. Bxh8 bxc4 11. Qxh5 Nf6 12. Bxf6 Qxf6 13. Bxc4 g4 14. O-O a5 15.
Rad1 a4 16. f4 c6 17. e5 dxe5 18. fxe5 Qg6 19. Qh4 Qxc2 20. dxc6 Bxc6 21. Bxf7#
1-0

[Event "Escacs 171"]
[Site "http://www.queenalice.com/game.php?id=1853805"]
[Date "2025.3.12"]
[Round "-"]
[White "Ruusgugg"]
[Black "alterego"]
[Result "1-0"]
[WhiteElo "1344"]
[BlackElo "1578"]

1. b4 g6 2. Bb2 Bg7 3. Bxg7 f6 4. Bxh8 b6 5. c3 Nc6 6. Qb3 d5 7. c4 Nd4 8. Qc3
dxc4 9. Qxc4 Ne6 10. Qh4 Nd4 11. Na3 h5 12. Qg3 Bf5 13. d3 Qd7 14. e4 Bg4 15. f3
Nxf3+ 16. gxf3 Be6 17. e5 g5 18. Bg2 O-O-O 19. f4 h4 20. Qf3 Qd4 21. Rc1 Nh6 22.
Bg7 Nf5 23. Ne2 Qb2 24. Qa8+ Kd7 25. Qc6+ Kc8 26. Qxc7# 1-0

[Event "Escacs 170"]
[Site "http://www.queenalice.com/game.php?id=1853806"]
[Date "2025.3.12"]
[Round "-"]
[White "alterego"]
[Black "Ruusgugg"]
[Result "0-1"]
[WhiteElo "1545"]
[BlackElo "1353"]

1. d4 g6 2. g3 b5 3. Nf3 Bb7 4. Bg2 e6 5. Bf4 f6 6. a3 g5 7. Bd2 g4 8. Nh4 Bxg2
9. Nxg2 h5 10. Nh4 e5 11. Ng6 Rh7 12. Nxf8 Kxf8 13. Bb4+ Ne7 14. dxe5 a5 15.
exf6 axb4 16. fxe7+ Rxe7 17. O-O b3 18. Qd5 bxc2 19. Nc3 b4 20. Qxa8 bxc3 21. b4
Rxe2 22. Qd5 h4 23. Qd3 Qf6 24. Qxe2 h3 25. Qxc2 Qc6 26. Qf5+ Ke7 27. Qg5+ Kf7
28. Qxg4 Qg2# 0-1

[Event "AUTO-INT-3923"]
[Site "http://www.queenalice.com/game.php?id=1854085"]
[Date "2025.3.17"]
[Round "1"]
[White "Daniel1962"]
[Black "Ruusgugg"]
[Result "1-0"]
[WhiteElo "1686"]
[BlackElo "1308"]

1. e4 g5 2. Bc4 e6 3. Nf3 g4 4. Ne5 Qf6 5. Nxg4 Qd8 6. d4 h5 7. Ne5 Qf6 8. Be3
d6 9. Nd3 d5 10. exd5 Ne7 11. dxe6 fxe6 12. Nc5 b6 13. Ne4 Qg6 14. Qf3 Nd5 15.
Bxd5 exd5 16. Nf6+ Kd8 17. Qxd5+ Nd7 18. Nxd7 Bb4+ 19. c3 c6 20. Bg5+ Be7 21.
Ne5+ Ke8 22. Bxe7 Qe6 23. Qd8# 1-0

[Event "AUTO-INT-3924"]
[Site "http://www.queenalice.com/game.php?id=1854476"]
[Date "2025.3.24"]
[Round "1"]
[White "Ruusgugg"]
[Black "renet54"]
[Result "0-1"]
[WhiteElo "1304"]
[BlackElo "1680"]

1. f4 d5 2. e3 Nf6 3. Nf3 e6 4. c4 Bb4 5. a3 Bd6 6. cxd5 exd5 7. b4 O-O 8. h3
Nbd7 9. g4 Re8 10. g5 Bxf4 11. gxf6 Bg3+ 12. Ke2 Nxf6 13. h4 Bg4 14. Bg2 d4 15.
d3 dxe3 16. Bh3 Bh5 17. Bxe3 Qd4 18. Kd2 Qxe3+ 19. Kc2 Bxf3 20. Re1 Bxe1 0-1